Statistiques concernant Box Office 2014 par images restreintes

Cliquez ici pour prendre le quiz!

Statistiques générales

  • Ce quiz a été pris 220 fois
  • Le résultat moyen est 7 sur 12

Statistiques - réponses

Réponse% Correct
La Planète des singes : L'Affrontement
87%
Le Labyrinthe
87%
Qu'est-ce qu'on a fait au Bon Dieu ?
87%
Rio 2
87%
Hunger Games : La Révolte, partie 1
86%
Dragons 2
84%
Le Hobbit : La Bataille des Cinq Armées
68%
La Famille Bélier
47%
Lucy
45%
X-Men: Days of Future Past
35%
Samba
25%
Supercondriaque
3%

Distribution des résultats

Percentile par nombre de réponses

% des personnes avec chaque résultat

Votre développement - résultats

Vous n’avez pas pris ce quiz